Benchmarks, bouquets and brickbats (Record no. 67261)

MARC details
000 -LEADER
fixed length control field 01235cam a2200229 4500
001 - CONTROL NUMBER
control field WB3722-07
008 - FIXED-LENGTH DATA ELEMENTS--GENERAL INFORMATION
fixed length control field 000000n2001 000 0 eng u
035 ## - SYSTEM CONTROL NUMBER
System control number (Sirsi) u113000
245 ## - TITLE STATEMENT
Title Benchmarks, bouquets and brickbats
260 ## - PUBLICATION, DISTRIBUTION, ETC.
Date of publication, distribution, etc. 2001
490 ## - SERIES STATEMENT
Series statement Green Futures
Volume/sequential designation (28) May/June 2001, 8(1)
520 ## - SUMMARY, ETC.
Summary, etc. Some of Britain's big companies obtained high scores in the UK's major benchmarking exercise, the Index of Corporate Environmental Engagement. A total of 184 companies participated in the fifth annual index, carried out by the Business in the Environment organisation (BiE) The index is compiled from ratings in 5 main area of environmental impact - energy, transport, waste, water consumption and global warming emissions. However the BiE believes that the corporate sector as a whole is not contributing sufficiently to cutting global warming emissions. BiE, 020 7566 8702. http://www.business-in-environment.org.uk
590 ## - LOCAL NOTE (RLIN)
Local note WB
650 ## - SUBJECT ADDED ENTRY--TOPICAL TERM
Topical term or geographic name entry element BENCHMARKING
650 ## - SUBJECT ADDED ENTRY--TOPICAL TERM
Topical term or geographic name entry element BUSINESS IN THE ENVIRONMENT ORGANISATION
650 ## - SUBJECT ADDED ENTRY--TOPICAL TERM
Topical term or geographic name entry element ENVIRONMENTAL IMPACT ANALYSIS
650 ## - SUBJECT ADDED ENTRY--TOPICAL TERM
Topical term or geographic name entry element GLOBAL WARMING
650 ## - SUBJECT ADDED ENTRY--TOPICAL TERM
Topical term or geographic name entry element ENVIRONMENTAL REPORTING
650 ## - SUBJECT ADDED ENTRY--TOPICAL TERM
Topical term or geographic name entry element COMPANIES
690 ## - LOCAL SUBJECT ADDED ENTRY--TOPICAL TERM (OCLC, RLIN)
Topical term or geographic name as entry element ENVIRONMENT-AUDIT/ASSESSMENT
942 ## - ADDED ENTRY ELEMENTS (KOHA)
Suppress in OPAC 0
Holdings
Withdrawn status Lost status Source of classification or shelving scheme Damaged status Not for loan Home library Current library Shelving location Date acquired Total Checkouts Full call number Barcode Date last seen Copy number Price effective from Koha item type
    Dewey Decimal Classification     London London News article 07/06/2001   WB3722-07 113000-1001 06/08/2019 1 06/08/2019 News article